| 000 | 00000nam##2200000za#4500 |
| 001 | 9.570940 |
| 003 | CaOODSP |
| 005 | 20210624182501 |
| 007 | cr ||||||||||| |
| 008 | 150406|2003||||xxc|||||o f|0| 0 eng|d |
| 040 | |aCaOODSP|beng |
| 043 | |an-cn--- |
| 086 | 1 |aYC34-0/372-4E-PDF |
| 110 | 1 |aCanada. |bParliament. |bSenate. |bStanding Committee on Official Languages. |
| 245 | 10|aOfficial languages - 2002-2003 perspective : |h[electronic resource]|bstudy of the action plan for official languages and the annual reports of the office of the commissioner of official languages, treasury board and the Department of Canadian Heritage / |cThe Honourable Rose-Marie Losier-Cool, chair ; the Honourable Wilbert Joseph Keon, vice-chair. |
| 260 | |aOttawa - Ontario : |bSenate. |cOctober 2003. |
| 300 | |a47p.|breferences, tables |
| 490 | 1 |aReport of the Standing Senate Committee on Official Languages|v37th Parliament, 2nd Session, [4th report] |
| 590 | |a11-12-Supp|b2011-07-29 |
| 775 | 08|tLangues officielles : point de vue 2002-2003 : |w(CaOODSP)9.601583 |
| 830 | #0|aReport of the Standing Senate Committee on Official Languages ;|v37th Parliament, 2nd Session, [4th report]|w(CaOODSP)9.505258 |
| 856 | 40|ahttp://publications.gc.ca|qPDF|s315 KB|uhttps://publications.gc.ca/collections/collection_2011/sen/yc34-0/YC34-0-372-4-eng.pdf|y37th Parliament, 2nd Session, [4th report] |